000 00644nam a2200229Ia 4500
003 0100
008 130303s9999 xx 000 0 und d
040 _cARRUPELIB
050 _aDT31.B5 1995
100 _aBirmingham, David
245 4 _aThe decolonization of Africa
245 _bIntroduction to history
260 _aLondon
260 _bRoutledge
260 _C1995
300 _aviii
300 _b 109p. 22 cm.
650 _bChaucer, Geoffrey, d 1400 - Criticism and interpretation
650 _cChaucer, Geoffrey, d 1400 Troilus and Criseyde
650 _dCivilization, Medieval - Classical influences
942 _2lcc
_02
999 _c58761
_d58761